Stín na písku /

Hlavní autor: Dever, Joe, 1956-2016
Další autoři: Stočesová, Tamara, Pešek, Petr
Jazyk: Čeština
Vydáno: Ostrava : Mytago, 2020
Vydání: Vydání třetí, v nakladatelství Mytago druhé
Edice: Lone Wolf (AFSF : Mytago)
Témata:
Fyzický popis: 294 stran v různém stránkování : ilustrace ; 17 cm
Knihy
Uloženo v:
LEADER 02216nam a2200589 i 4500
001 nkc20203238723
003 CZ PrNK
005 20230918100738.0
007 ta
008 200716s2020 xr a d 000 j cze
015 |a cnb003238723 
020 |a 978-80-85390-61-2  |q (AFSF ;  |q vázáno) 
020 |a 978-80-87761-56-4  |q (Jiří Reiter - Mytago ;  |q vázáno) 
035 |a (OCoLC)1200256701 
040 |a OLA001  |b cze  |e rda 
041 1 |a cze  |h eng 
072 7 |a 821.111-3  |x Anglická próza, anglicky psaná  |2 Konspekt  |9 25 
072 7 |a 821-93  |x Literatura pro děti a mládež (beletrie)  |2 Konspekt  |9 26 
080 |a 821.111-32  |2 MRF 
080 |a 821-93  |2 MRF 
080 |a (0:82-322.9)  |2 MRF 
080 |a (0.05)793.7  |2 MRF 
100 1 |a Dever, Joe,  |d 1956-2016  |7 jn19990001736  |4 aut 
240 1 0 |a Shadow on the sand.  |l Česky 
245 1 0 |a Stín na písku /  |c Joe Dever ; překlad: Tamara Stočesová, překlad bonusového dobrodružství: Petr Pešek 
250 |a Vydání třetí, v nakladatelství Mytago druhé 
264 1 |a Ostrava :  |b Mytago,  |c 2020 
300 |a 294 stran v různém stránkování :  |b ilustrace ;  |c 17 cm 
336 |a text  |b txt  |2 rdacontent 
337 |a bez média  |b n  |2 rdamedia 
338 |a svazek  |b nc  |2 rdacarrier 
490 1 |a Lone Wolf ;  |v kniha 5. 
500 |a Přeloženo z angličtiny 
500 |a Vydalo nakladatelství AFSF a Jiří Reiter, nakladatelství Mytago 
655 7 |a anglické příběhy  |7 fd131813  |2 czenas 
655 7 |a fantasy příběhy  |7 fd184198  |2 czenas 
655 7 |a čtenářské hry  |7 fd133978  |2 czenas 
655 7 |a publikace pro mládež  |7 fd133157  |2 czenas 
655 9 |a English stories  |2 eczenas 
655 9 |a fantasy stories  |2 eczenas 
655 9 |a literary recreations  |2 eczenas 
655 9 |a juvenile literature  |2 eczenas 
700 1 |a Stočesová, Tamara  |7 xx0111193  |4 trl 
700 1 |a Pešek, Petr  |7 ola2006345490  |4 trl 
787 0 8 |i Z cyklu:  |t Lone Wolf - série Kai  |g 5 
830 0 |a Lone Wolf (AFSF : Mytago)  |0 s 
910 2 |a BOA001  |b 1-1449.744 
928 9 |a AFSF 
990 |a BK 
995 |a 01 
991 |b 202007  |c NOV 
996 6 |b 2610830674  |c 1-1449.744  |l MZK  |r Sklad / do 1 hodiny  |n 0  |p p.v.  |w 001814031  |u 000010  |a 1  |e BOA001  |j MZK50  |s P